Enciclopedia argentina de agricultura y jardinería : tomo 2
Guardado en:
| Formato: | Libro |
|---|---|
| Publicado: |
Buenos Aires :
Acme,
1975
|
| Edición: | 2a. ed. |
| Materias: | |
| Etiquetas: |
Agregar Etiqueta
Sin Etiquetas, Sea el primero en etiquetar este registro!
|
| LEADER | 00501nam a22001695a 4500 | ||
|---|---|---|---|
| 001 | CEM.cems015617 | ||
| 005 | 20130429101958.0 | ||
| 008 | 130507s1975##################000#0#####d | ||
| 003 | CEMS | ||
| 082 | 0 | 4 | |a 580 |
| 245 | 0 | 0 | |a Enciclopedia argentina de agricultura y jardinería : |b tomo 2 |
| 250 | |a 2a. ed. | ||
| 260 | |a Buenos Aires : |b Acme, |c 1975 | ||
| 300 | |a 156 p. | ||
| 653 | |a Botánica | ||
| 653 | |a Regiones fitogeográficas | ||
| 859 | |a CEMS |b BIB. CEMS - Agricultura |h 580 |i En |p A7203.79 |t Ej.1 |v 16a2 2-1 |3 16a2 2-1 | ||
